[Event "IECG WC.2008.T.00001 email"]
[Site "IECG email"]
[Date "2007.02.02"]
[Round "?"]
[White "Brousek, Jiri"]
[Black "Halwick, Floyd J Jr"]
[Result "1/2-1/2"]
[WhiteElo "2294"]
[BlackElo "2426"]
[PlyCount "47"]
[EventDate "2007.02.02"]
[EventType "tourn (corr)"]
[EventRounds "10"]
[SourceTitle "Corr 2008"]
[Source "ChessBase"]
[SourceDate "2008.06.24"]
[SourceVersion "1"]
[SourceVersionDate "2008.06.24"]
[SourceQuality "1"]

1. d4 Nf6 2. Nf3 d5 3. e3 e6 4. Bd3 Be7 5. b3 b6 6. 0-0 0-0 7. Bb2 Bb7 8. Nbd2 Nbd7 9. Ne5 Ne4 10. Nxd7 Qxd7 11. Qh5 a5 12. a4 Rac8 13. Nxe4 dxe4 14. Bb5 Qd8 15. Bc4 Qd7 16. Ba3 Bd6 17. Bxd6 cxd6 18. Rac1 Qe7 19. c3 f5 20. Qe2 Ra8 21. Qh5 f4 22. exf4 Rxf4 23. Qh3 Rf6 24. Qe3 1/2-1/2

[Event "IECG WC.2008.T.00001 email"]
[Site "IECG email"]
[Date "2007.02.02"]
[Round "?"]
[White "Halwick, Floyd J Jr"]
[Black "Noire, Eric"]
[Result "1/2-1/2"]
[WhiteElo "2426"]
[BlackElo "2391"]
[PlyCount "42"]
[EventDate "2007.02.02"]
[EventType "tourn (corr)"]
[EventRounds "10"]
[SourceTitle "Telechess CBM 129"]
[Source "ChessBase"]
[SourceDate "2009.03.25"]
[SourceVersion "1"]
[SourceVersionDate "2009.03.25"]
[SourceQuality "1"]

1. e4 e5 2. Nf3 Nf6 3. d4 Nxe4 4. Bd3 d5 5. Nxe5 Nd7 6. Nxd7 Bxd7 7. 0-0 Bd6 8. Qh5 Nf6 9. Re1+ Be7 10. Qe5 Be6 11. Bg5 0-0 12. Qg3 Re8 13. Nd2 c6 14. Nf3 Nh5 15. Qh4 g6 16. g3 Bxg5 17. Nxg5 Qf6 18. Re3 h6 19. Nf3 Qxh4 20. Nxh4 Ng7 21. Rae1 g5 1/2-1/2

[Event "IECG WC.2008.T.00001 email"]
[Site "IECG email"]
[Date "2007.02.02"]
[Round "?"]
[White "Halwick, Floyd J Jr"]
[Black "Wurschner, Miroslav"]
[Result "1/2-1/2"]
[WhiteElo "2426"]
[BlackElo "2220"]
[PlyCount "67"]
[EventDate "2007.02.02"]
[EventType "tourn (corr)"]
[EventRounds "10"]
[SourceTitle "Corr 2011"]
[Source "ChessBase"]
[SourceDate "2010.08.31"]
[SourceVersion "1"]
[SourceVersionDate "2010.08.31"]
[SourceQuality "1"]

1. e4 c5 2. Nf3 d6 3. d4 cxd4 4. Nxd4 Nf6 5. Nc3 a6 6. Bg5 e6 7. Qf3 Nbd7 8. Be2 Qc7 9. 0-0 b5 10. a3 Bb7 11. Rad1 Be7 12. Qg3 0-0 13. f4 Rfe8 14. Bf3 Bf8 15. Kh1 Rac8 16. Rfe1 Kh8 17. Bxf6 Nxf6 18. e5 dxe5 19. fxe5 Nd7 20. Bxb7 Qxb7 21. Qf4 Nb6 22. Ne4 Nc4 23. b3 Nb6 24. Ng5 Kg8 25. Rf1 Rc7 26. Rd3 h6 27. Ne4 f5 28. Nd6 Bxd6 29. exd6 Rcc8 30. Qg3 Nd7 31. b4 Nf6 32. Nb3 Nd7 33. Nc5 Nxc5 34. bxc5 1/2-1/2

[Event "IECG WC.2008.T.00001 email"]
[Site "IECG email"]
[Date "2007.02.02"]
[Round "?"]
[White "Pely, Giora"]
[Black "Halwick, Floyd J Jr"]
[Result "0-1"]
[WhiteElo "2392"]
[BlackElo "2426"]
[PlyCount "120"]
[EventDate "2007.02.02"]
[EventType "tourn (corr)"]
[EventRounds "10"]
[SourceTitle "Corr 2011"]
[Source "ChessBase"]
[SourceDate "2010.08.31"]
[SourceVersion "1"]
[SourceVersionDate "2010.08.31"]
[SourceQuality "1"]

1. e4 c5 2. Nf3 d6 3. d4 cxd4 4. Nxd4 Nf6 5. Nc3 a6 6. Bg5 e6 7. f4 Qb6 8. Nb3 Be7 9. Qf3 Nbd7 10. 0-0-0 Qc7 11. Bd3 b5 12. Rhe1 b4 13. Ne2 Bb7 14. Kb1 0-0 15. Qh3 h6 16. Bxh6 gxh6 17. Qxh6 Rfd8 18. e5 dxe5 19. fxe5 Nxe5 20. Nbd4 Be4 21. Qg5+ Bg6 22. Nxe6 fxe6 23. Bxg6 Rxd1+ 24. Rxd1 Ne8 25. Qh5 Nxg6 26. Qxg6+ Ng7 27. g3 Qe5 28. Nf4 Bf6 29. Nd3 Rd8 30. Kc1 Bg5+ 31. Kb1 Qe2 32. Rg1 Bd2 33. h4 Rd4 34. Qf6 Be1 35. Qg6 e5 36. h5 Rd6 37. Nc1 Rd1 38. a3 Qd2 39. h6 Rxc1+ 40. Ka2 Qd7 41. Qxg7+ Qxg7 42. hxg7 e4 43. Rf1 e3 44. Rf8+ Kxg7 45. Re8 Bd2 46. Kb3 bxa3 47. bxa3 Kf6 48. Re4 Kg5 49. c4 Rc3+ 50. Kb4 a5+ 51. Kb5 Rxa3 52. c5 Rb3+ 53. Ka6 a4 54. c6 a3 55. c7 Rc3 56. Kb7 a2 57. Ra4 e2 58. Ra5+ Kg4 59. Ra4+ Kxg3 60. Ra3 Rxa3 0-1

[Event "IECG WC.2009.S.00003 email"]
[Site "IECG email"]
[Date "2006.09.09"]
[Round "?"]
[White "Haug, Ulrich"]
[Black "Halwick, Floyd J Jr"]
[Result "1/2-1/2"]
[WhiteElo "2329"]
[BlackElo "2434"]
[PlyCount "79"]
[EventDate "2006.09.09"]
[EventType "tourn (corr)"]
[EventRounds "6"]
[SourceTitle "Corr 2011"]
[Source "ChessBase"]
[SourceDate "2010.08.31"]
[SourceVersion "1"]
[SourceVersionDate "2010.08.31"]
[SourceQuality "1"]

1. d4 Nf6 2. c4 c5 3. d5 e6 4. Nf3 exd5 5. cxd5 d6 6. e4 g6 7. Nc3 Bg7 8. h3 a6 9. a4 Nbd7 10. Bd3 0-0 11. 0-0 Qe7 12. Re1 b6 13. Bf4 Nh5 14. Be3 Re8 15. Be2 Nhf6 16. Nd2 Rb8 17. Ra3 Bb7 18. f4 Rf8 19. Bf2 Ne8 20. Nc4 b5 21. axb5 axb5 22. Nxb5 Qxe4 23. Qc1 Bxd5 24. Bf1 Rxb5 25. Rxe4 Bxe4 26. Ra6 Bf5 27. Qd1 Ndf6 28. g4 Be6 29. Nxd6 Rxb2 30. Bxc5 Nxd6 31. Bd4 Nc4 32. Bxc4 Bxc4 33. Bxb2 Bxa6 34. Qa1 Ne8 35. Bxg7 Nxg7 36. Qxa6 h5 37. Qd6 hxg4 38. hxg4 Ra8 39. Qc6 Ra3 40. Qc8+ 1/2-1/2

[Event "IECG WC.2009.S.00003 email"]
[Site "IECG email"]
[Date "2006.09.09"]
[Round "?"]
[White "Massimini Gerbino, Massimiliano"]
[Black "Halwick, Floyd J Jr"]
[Result "1/2-1/2"]
[WhiteElo "2359"]
[BlackElo "2434"]
[PlyCount "53"]
[EventDate "2006.09.09"]
[EventType "tourn (corr)"]
[EventRounds "6"]
[SourceTitle "Corr 2011"]
[Source "ChessBase"]
[SourceDate "2010.08.31"]
[SourceVersion "1"]
[SourceVersionDate "2010.08.31"]
[SourceQuality "1"]

1. e4 c5 2. Nf3 d6 3. d4 cxd4 4. Nxd4 Nf6 5. Nc3 a6 6. f4 e5 7. Nf3 Nbd7 8. a4 Be7 9. Bd3 0-0 10. 0-0 Nc5 11. Kh1 Bg4 12. Qe1 exf4 13. Bxf4 Re8 14. Rd1 Qa5 15. Qg3 Rac8 16. e5 dxe5 17. Bxe5 Nxd3 18. Rxd3 Be6 19. Re1 Nh5 20. Qf2 Qc5 21. Bd4 Qf5 22. Re5 Qg6 23. Nh4 Qg4 24. Re4 Qg5 25. Be3 Qa5 26. Bb6 Qg5 27. Be3 1/2-1/2

[Event "IECG WC.2008.S.00010"]
[Site "IECG email"]
[Date "2005.07.17"]
[Round "?"]
[White "Halwick, Floyd J Jr"]
[Black "Kharitonov, Aleksandr Alekseevi"]
[Result "1-0"]
[WhiteElo "2469"]
[BlackElo "2216"]
[PlyCount "69"]
[EventDate "2005.07.17"]
[EventType "tourn (corr)"]
[EventRounds "6"]
[SourceTitle "Corr 2008"]
[Source "ChessBase"]
[SourceDate "2008.06.24"]
[SourceVersion "1"]
[SourceVersionDate "2008.06.24"]
[SourceQuality "1"]

1. e4 c5 2. Nf3 d6 3. d4 cxd4 4. Nxd4 Nf6 5. Nc3 Nc6 6. Bc4 e6 7. Be3 Be7 8. Qe2 a6 9. Bb3 Qc7 10. a4 Bd7 11. f4 Na5 12. 0-0 Nxb3 13. Nxb3 Rc8 14. a5 Qc4 15. Qf3 d5 16. e5 Ne4 17. Nxe4 dxe4 18. Qg3 g6 19. Rf2 0-0 20. Rd2 Bb5 21. Nd4 Rcd8 22. Bf2 Bb4 23. Rdd1 Qc7 24. Qe3 Bc4 25. b3 Bd5 26. c4 Bc6 27. Be1 Bc5 28. Bc3 Qe7 29. Rab1 f5 30. b4 Ba4 31. bxc5 Bxd1 32. Bb4 Rxd4 33. c6 Rd3 34. Qb6 Qh4 35. c7 1-0

[Event "IECG CP.2001.F.00002"]
[Site "IECG email"]
[Date "2005.07.01"]
[Round "?"]
[White "Fedorko, Andrew"]
[Black "Halwick, Floyd J Jr"]
[Result "1/2-1/2"]
[WhiteElo "2082"]
[BlackElo "2477"]
[PlyCount "46"]
[EventDate "2005.07.01"]
[EventType "tourn (corr)"]
[EventRounds "6"]
[EventCountry "NED"]
[SourceTitle "Corr 2008"]
[Source "ChessBase"]
[SourceDate "2008.06.24"]
[SourceVersion "1"]
[SourceVersionDate "2008.06.24"]
[SourceQuality "1"]

1. d4 Nf6 2. c4 c5 3. d5 e6 4. Nc3 exd5 5. cxd5 d6 6. e4 g6 7. Bd3 Bg7 8. Nge2 0-0 9. 0-0 a6 10. a4 Nbd7 11. h3 Ne5 12. Bc2 Rb8 13. f4 Ned7 14. Bd3 Re8 15. Ng3 Qc7 16. Be3 Nxe4 17. Bxe4 f5 18. Bxf5 Rxe3 19. Be6+ Kh8 20. Nge4 Nf6 21. Ng5 c4 22. Qc2 Bxe6 23. Nxe6 Qd7 1/2-1/2

[Event "IECG WC.2004.F.00002"]
[Site "IECG email"]
[Date "2005.05.16"]
[Round "?"]
[White "Halwick, Floyd J Jr"]
[Black "Martello, Juan Alberto"]
[Result "1/2-1/2"]
[WhiteElo "2477"]
[BlackElo "2222"]
[PlyCount "59"]
[EventDate "2005.05.16"]
[EventType "tourn (corr)"]
[EventRounds "6"]
[SourceTitle "Corr 2008"]
[Source "ChessBase"]
[SourceDate "2008.06.24"]
[SourceVersion "1"]
[SourceVersionDate "2008.06.24"]
[SourceQuality "1"]

1. e4 c5 2. Nf3 d6 3. d4 cxd4 4. Nxd4 Nf6 5. Nc3 a6 6. Be2 e6 7. 0-0 Be7 8. Be3 0-0 9. f4 Nc6 10. Qe1 Qc7 11. Qg3 Nxd4 12. Bxd4 b5 13. a3 Bb7 14. Kh1 Bc6 15. Rae1 Qb7 16. Bd3 b4 17. axb4 Qxb4 18. Ne2 Qb7 19. e5 Nh5 20. Qh3 g6 21. Ng3 dxe5 22. fxe5 Rfd8 23. Ne2 Ng7 24. Rf4 Nf5 25. Bc3 a5 26. Nd4 Nxd4 27. Bxd4 Rxd4 28. Rxd4 Qxb2 29. Rf4 Rf8 30. Rff1 1/2-1/2

[Event "IECG WC.2004.F.00002"]
[Site "IECG email"]
[Date "2005.05.16"]
[Round "?"]
[White "Halwick, Floyd J Jr"]
[Black "Neven, Knut G"]
[Result "0-1"]
[WhiteElo "2477"]
[BlackElo "2406"]
[PlyCount "160"]
[EventDate "2005.05.16"]
[EventType "tourn (corr)"]
[EventRounds "6"]
[SourceTitle "Corr 2008"]
[Source "ChessBase"]
[SourceDate "2008.06.24"]
[SourceVersion "1"]
[SourceVersionDate "2008.06.24"]
[SourceQuality "1"]

1. e4 e6 2. d4 d5 3. Nc3 Bb4 4. e5 c5 5. a3 Bxc3+ 6. bxc3 Ne7 7. Nf3 Nbc6 8. Be2 Qa5 9. Bd2 Bd7 10. 0-0 c4 11. Nh4 Ng6 12. Nxg6 hxg6 13. Bg4 0-0-0 14. Qe2 Kb8 15. Qf3 Rdf8 16. Bf4 Ka8 17. Rfe1 Qd8 18. Bd2 Qe7 19. Qg3 f6 20. a4 g5 21. Bf3 Qd8 22. a5 Nxa5 23. h3 Nc6 24. Bc1 Rh7 25. Ra2 Rfh8 26. Bd2 Qc7 27. Bd1 Ne7 28. Be2 b6 29. Rea1 a5 30. Rb1 Nf5 31. Qh2 a4 32. Rab2 b5 33. Rb4 Ka7 34. Ra1 Ka6 35. Rbb1 Rh4 36. f3 Bc6 37. Be1 R4h6 38. Bf2 Ne7 39. Be3 Ng6 40. Bf1 Nf4 41. Qg3 Ra8 42. Qe1 Kb7 43. Qg3 Rh5 44. Bf2 Qf7 45. Be3 fxe5 46. dxe5 Qf5 47. Bd4 Qxc2 48. Rc1 Qf5 49. Qf2 Rhh8 50. Qb2 Qf8 51. Re1 Kc7 52. Qf2 Kd7 53. Bc5 Qf5 54. Ba3 Ra6 55. Qe3 Ke8 56. Bd6 Kf7 57. Red1 Kg6 58. Rd2 Rh6 59. Ra3 Kh7 60. Ra1 Bd7 61. Re1 Be8 62. Qc5 Qf7 63. Qc8 Qa7+ 64. Kh1 Bg6 65. Be7 Qxe7 66. Qxa6 g4 67. fxg4 b4 68. Qxa4 Qh4 69. Re3 Qg5 70. Qa7 bxc3 71. Rxc3 Nxh3 72. Qe3 Nf2+ 73. Kg1 Qxe3 74. Rxe3 Nxg4 75. Rf3 Nxe5 76. Re3 Rh5 77. Be2 Rg5 78. Rd4 Kg8 79. Rf4 Bd3 80. Bf1 Bxf1 0-1

[Event "IECG WC.2004.F.00002"]
[Site "IECG email"]
[Date "2005.05.16"]
[Round "?"]
[White "Van Seben, Edgar"]
[Black "Halwick, Floyd J Jr"]
[Result "1/2-1/2"]
[WhiteElo "2243"]
[BlackElo "2477"]
[PlyCount "74"]
[EventDate "2005.05.16"]
[EventType "tourn (corr)"]
[EventRounds "6"]
[SourceTitle "Corr 2008"]
[Source "ChessBase"]
[SourceDate "2008.06.24"]
[SourceVersion "1"]
[SourceVersionDate "2008.06.24"]
[SourceQuality "1"]

1. d4 Nf6 2. c4 c5 3. d5 e6 4. Nc3 exd5 5. cxd5 d6 6. e4 g6 7. f4 Bg7 8. Bb5+ Nfd7 9. a4 Qh4+ 10. g3 Qd8 11. Nf3 0-0 12. 0-0 Na6 13. e5 dxe5 14. Bxd7 Bxd7 15. fxe5 Bh3 16. Rf2 Bg4 17. Bf4 Nb4 18. Qd2 c4 19. Ne1 a5 20. Bg5 f6 21. exf6 Bxf6 22. Rxf6 Rxf6 23. Ne4 Qb6+ 24. Be3 Qa6 25. Nxf6+ Qxf6 26. Bd4 Qf7 27. d6 Bh3 28. Ng2 Nd3 29. Nf4 Nxf4 30. gxf4 Qd5 31. Bc3 Qxd2 32. Bxd2 Ra6 33. Re1 Rxd6 34. Bxa5 Rd3 35. Kf2 Bd7 36. Re7 Bc6 37. Bc3 Rf3+ 1/2-1/2

[Event "IECG WC.2005.T.00004 email"]
[Site "IECG email"]
[Date "2005.05.05"]
[Round "?"]
[White "Halwick, Floyd J Jr"]
[Black "Krensing, Jan"]
[Result "0-1"]
[WhiteElo "2409"]
[BlackElo "2202"]
[PlyCount "42"]
[EventDate "2004.12.15"]
[EventType "tourn (corr)"]
[EventRounds "10"]
[SourceTitle "Corr 2008"]
[Source "ChessBase"]
[SourceDate "2008.06.24"]
[SourceVersion "1"]
[SourceVersionDate "2008.06.24"]
[SourceQuality "1"]

1. e4 c5 2. Nf3 Nc6 3. d4 cxd4 4. Nxd4 g6 5. c4 Bg7 6. Be3 Nf6 7. Nc3 0-0 8. Be2 d6 9. 0-0 Bd7 10. Rc1 Nxd4 11. Bxd4 Bc6 12. Qd3 a5 13. f4 Nd7 14. Kh1 Nc5 15. Qe3 Bxd4 16. Qxd4 f6 17. f5 Kg7 18. Bf3 Qb6 19. Nd5 Bxd5 20. exd5 Nd7 21. Rfe1 Qxd4 0-1

[Event "IECG WC.2005.T.00004 email"]
[Site "IECG email"]
[Date "2004.12.15"]
[Round "?"]
[White "Gilimshin, Azamat Ulfatovich"]
[Black "Halwick, Floyd J Jr"]
[Result "1/2-1/2"]
[WhiteElo "2382"]
[BlackElo "2409"]
[PlyCount "76"]
[EventDate "2004.12.15"]
[EventType "tourn (corr)"]
[EventRounds "10"]
[SourceTitle "Corr 2008"]
[Source "ChessBase"]
[SourceDate "2008.06.24"]
[SourceVersion "1"]
[SourceVersionDate "2008.06.24"]
[SourceQuality "1"]

1. d4 Nf6 2. c4 c5 3. d5 e6 4. Nc3 exd5 5. cxd5 d6 6. e4 g6 7. f4 Bg7 8. Bb5+ Nfd7 9. Nf3 a6 10. Bd3 b5 11. 0-0 0-0 12. a3 Re8 13. Kh1 c4 14. Bc2 Nc5 15. f5 Nbd7 16. Bg5 Qc7 17. Qd2 Rb8 18. Nd4 Ne5 19. f6 Bh8 20. Nc6 Nxc6 21. dxc6 Qxc6 22. Nd5 Be6 23. Ne7+ Rxe7 24. fxe7 Bxb2 25. Rad1 Nb7 26. h4 Re8 27. e5 Bxe5 28. h5 Qc7 29. hxg6 hxg6 30. Bf6 Bxf6 31. Rxf6 Qc5 32. Bxg6 Kg7 33. Bxf7 Kxf6 34. Bxe8 Kxe7 35. Bg6 Kd7 36. Qf4 Kc7 37. Re1 Bd7 38. Re7 Qxa3 1/2-1/2

[Event "IECG WC.2003.F.00002 email"]
[Site "IECG email"]
[Date "2003.12.20"]
[Round "?"]
[White "Halwick, Floyd J Jr"]
[Black "Sidenko, Anatoly Viktorovich"]
[Result "1-0"]
[WhiteElo "2380"]
[BlackElo "2368"]
[PlyCount "103"]
[EventDate "2003.12.20"]
[EventType "tourn (corr)"]
[EventRounds "14"]
[SourceTitle "Corr 2008"]
[Source "ChessBase"]
[SourceDate "2008.06.24"]
[SourceVersion "1"]
[SourceVersionDate "2008.06.24"]
[SourceQuality "1"]

1. e4 e5 2. Nf3 Nc6 3. Bb5 a6 4. Ba4 Nf6 5. 0-0 Be7 6. Re1 b5 7. Bb3 d6 8. c3 0-0 9. h3 Na5 10. Bc2 c5 11. d4 cxd4 12. cxd4 Bb7 13. Nbd2 Qc7 14. d5 Bc8 15. b4 Nb7 16. Nb3 a5 17. bxa5 Nxa5 18. Nxa5 Qxa5 19. Bd2 Qb6 20. a4 bxa4 21. Bxa4 Nd7 22. Rb1 Qc7 23. Bc6 Ra7 24. Be3 Nc5 25. Qc2 f6 26. Nd2 f5 27. Ra1 Ra5 28. Nc4 Ra6 29. Bxc5 dxc5 30. Rad1 Bh4 31. Bb5 Rh6 32. d6 Qb8 33. d7 Qxb5 34. dxc8Q Rxc8 35. exf5 Ra6 36. Qe4 Bf6 37. Nd6 Rxd6 38. Rxd6 c4 39. Rb1 Qe8 40. Rbb6 c3 41. Rbc6 Rb8 42. Rc7 Qf8 43. Qc4+ Kh8 44. Rdc6 Rd8 45. Rc8 h5 46. Rxd8 Bxd8 47. Rc8 Kh7 48. Qxc3 Qf6 49. Qf3 g6 50. Qa8 Be7 51. Rc7 Kh6 52. Qe8 1-0